| 000 | 00894nam a2200241 a 4500 | ||
|---|---|---|---|
| 001 | 000024185 | ||
| 005 | 20200930022805.0 | ||
| 008 | 110120s1977 ag a r 000 0 spa d | ||
| 020 | _a031113825X | ||
| 040 |
_aDO-SdBNP _bspa _cBNPHU |
||
| 082 |
_a269.2 _bG816u |
||
| 100 | 1 |
_aGreenway, Rogelio S. _949666 |
|
| 245 | 1 | 0 |
_aUna estrategia urbana para evangelizar a América Latina / _cRogelio S. Greenway ; traducción español de Guillermo Krätzig ; prólogo, Calvin Guy. |
| 260 |
_aBuenos Aires, (Argentina) : _bCasa Bautista de Publicaciones, _c1977. |
||
| 300 |
_a303 p. : _bil. ; _c22 cm. |
||
| 500 | _aIncluye referencias bibliográfica | ||
| 500 | _aIncluye notas al pie de las páginas | ||
| 650 | 4 |
_aEvangelización _9476 |
|
| 650 | 4 |
_aEvangelización _zAmérica Latina _949667 |
|
| 700 | 1 |
_aKrätzig, Guillermo _etr. _949668 |
|
| 700 | 1 |
_aGuy, Calvin _epról. _949669 |
|
| 049 | _aBNGR | ||
| 999 |
_c23679 _d23679 |
||